000 00225nam a22000857a 4500
008 160805b xxu||||| |||| 00| 0 eng d
100 _951
_aMohindroo K
245 _aEmpowering Science-IX
260 _aNew Delhi
_bPPC Publication
_c2011
999 _c2703
_d2703